|
|
|
|
| LEADER |
03129nam a2200517 4500 |
| 001 |
978-981-13-1439-1 |
| 003 |
DE-He213 |
| 005 |
20190704041259.0 |
| 007 |
cr nn 008mamaa |
| 008 |
180806s2019 si | s |||| 0|eng d |
| 020 |
|
|
|a 9789811314391
|9 978-981-13-1439-1
|
| 024 |
7 |
|
|a 10.1007/978-981-13-1439-1
|2 doi
|
| 040 |
|
|
|d GrThAP
|
| 050 |
|
4 |
|a JA77
|
| 072 |
|
7 |
|a KCP
|2 bicssc
|
| 072 |
|
7 |
|a POL023000
|2 bisacsh
|
| 072 |
|
7 |
|a KCP
|2 thema
|
| 082 |
0 |
4 |
|a 338.9
|2 23
|
| 100 |
1 |
|
|a Zhang, Yuyan.
|e author.
|4 aut
|4 http://id.loc.gov/vocabulary/relators/aut
|
| 245 |
1 |
0 |
|a Peaceful Development Path in China
|h [electronic resource] /
|c by Yuyan Zhang, Weijiang Feng.
|
| 250 |
|
|
|a 1st ed. 2019.
|
| 264 |
|
1 |
|a Singapore :
|b Springer Singapore :
|b Imprint: Springer,
|c 2019.
|
| 300 |
|
|
|a XXIX, 185 p. 6 illus.
|b online resource.
|
| 336 |
|
|
|a text
|b txt
|2 rdacontent
|
| 337 |
|
|
|a computer
|b c
|2 rdamedia
|
| 338 |
|
|
|a online resource
|b cr
|2 rdacarrier
|
| 347 |
|
|
|a text file
|b PDF
|2 rda
|
| 490 |
1 |
|
|a China Insights,
|x 2363-7579
|
| 505 |
0 |
|
|a Chapter1.The China Miracle: Facts and Process -- Chapter2.Deng Xiaoping and China's Reform and Opening up -- Chapter3.The Chinese Dream: Rejuvenation of the Nation and the Outside World -- Chapter4.Peaceful Development: Restrictions and Challenges -- Chapter5.Creating a Future of Long-Term Peace and Common Prosperity.
|
| 520 |
|
|
|a This book clarifies the misconceptions and misinterpretations of the Chinese Path through historical and market logic. The author begins with a historical review of Chinese institutions from their cultural origins to their modern connotations: Chinese regard unity over individualism; Chinese are more cooperative, intrapersonal and defensive than competitive, invasive and expansive. The market economy is another factor that emphasizes the importance of a peaceful environment and stable system of international institutions so as to achieve sustainable development in China. In closing, the author provides an outlook on the role and responsibility of China as a great power towards developed countries, neighbors, new economic groups and developing countries. China's development means much to the world.
|
| 650 |
|
0 |
|a Political economy.
|
| 650 |
|
0 |
|a Economic policy.
|
| 650 |
|
0 |
|a Social policy.
|
| 650 |
1 |
4 |
|a International Political Economy.
|0 http://scigraph.springernature.com/things/product-market-codes/912140
|
| 650 |
2 |
4 |
|a Economic Policy.
|0 http://scigraph.springernature.com/things/product-market-codes/W34010
|
| 650 |
2 |
4 |
|a Social Policy.
|0 http://scigraph.springernature.com/things/product-market-codes/W34020
|
| 700 |
1 |
|
|a Feng, Weijiang.
|e author.
|4 aut
|4 http://id.loc.gov/vocabulary/relators/aut
|
| 710 |
2 |
|
|a SpringerLink (Online service)
|
| 773 |
0 |
|
|t Springer eBooks
|
| 776 |
0 |
8 |
|i Printed edition:
|z 9789811314377
|
| 776 |
0 |
8 |
|i Printed edition:
|z 9789811314384
|
| 776 |
0 |
8 |
|i Printed edition:
|z 9789811346347
|
| 830 |
|
0 |
|a China Insights,
|x 2363-7579
|
| 856 |
4 |
0 |
|u https://doi.org/10.1007/978-981-13-1439-1
|z Full Text via HEAL-Link
|
| 912 |
|
|
|a ZDB-2-POS
|
| 950 |
|
|
|a Political Science and International Studies (Springer-41174)
|